000
00275nam a22001337a 4500
008
210426b ||||| |||| 00| 0 eng d
041
_a
eng
080
_a
572
082
_a
572
100
_a
24
101
_a
ANT
245
_a
Nirmal Kumar Bose
_c
Sinha,S
942
_2
udc
_c
BK
999
_c
56783
_d
56783